Indukcia inhibície bunkovej proliferácie a smrti novými heterocyklickými dusíkovými derivátmi a ich mechanizmus účinku

Uložené v:
Podrobná bibliografia
Hlavný autor: Repický, Andrej
Médium: Kniha
Jazyk:Slovak
Vydavateľské údaje: Bratislava STU FCHPT 2009
On-line prístup:View in OPAC
Tagy: Pridať tag
Žiadne tagy, Buďte prvý, kto otaguje tento záznam!

MARC

LEADER 00000nam a2200000 a 4500
005 20260127134210.0
008 110208 2009 xo 000 0 slo d
035 |a vtls010209587 
039 9 |y 201102080754  |z mschk03 
040 |a STUSCHK1  |b slo  |c STUSCHK1  |e AACR2 
100 1 |a Repický, Andrej 
245 1 |a Indukcia inhibície bunkovej proliferácie a smrti novými heterocyklickými dusíkovými derivátmi a ich mechanizmus účinku  |c Andrej Repický 
260 |a Bratislava  |b STU FCHPT  |c 2009 
300 |a 900s.  |b il.  |c 30 cm 
500 |a Dizertačná práca 
500 |a Obháj.: 8.9. 2009 
500 |a Študijný program: Organická technológia 
500 |a Fakulta chemickej a potravinárskej technológie, Odd. biochémie a mikrobiológie 
910 |a SCHK95 
999 |c 6470  |d 6470